Countries Closest to Liechtenstein - Statistics

General Stats
  • This quiz has been taken 1,861 times
  • The average score is 19 of 20
Answer Stats
km country miles % Correct
0 Austria 0
99%
150 France 93
99%
33 Germany 20
99%
68 Italy 43
99%
0 Switzerland 0
99%
372 Belgium 231
95%
334 Czechia 207
95%
300 Slovenia 186
95%
556 Poland 346
94%
556 Slovakia 346
94%
492 Hungary 306
92%
338 Luxembourg 210
92%
409 San Marino 254
92%
348 Croatia 216
91%
465 Netherlands 289
91%
617 Vatican City 383
90%
716 Spain 445
88%
521 Bosnia and Herzegovina 324
87%
400 Monaco 249
85%
720 Serbia 448
85%
No matching quizzes found
Score Distribution
Percent of People with Each Score
Percentile by Number Answered
Your Score History
You have not taken this quiz